Solar prominences (Record no. 18981)
[ view plain ]
| 000 -LEADER | |
|---|---|
| fixed length control field | 00706nam a2200217Ia 4500 |
| 003 - CONTROL NUMBER IDENTIFIER | |
| control field | IN-BaIIA |
| 008 - FIXED-LENGTH DATA ELEMENTS--GENERAL INFORMATION | |
| fixed length control field | 211028s9999 xx 000 0 eng d |
| 020 ## - INTERNATIONAL STANDARD BOOK NUMBER | |
| International Standard Book Number | 978-3-319-10415-7 |
| 040 ## - CATALOGING SOURCE | |
| Transcribing agency | IIA Library |
| 080 ## - UNIVERSAL DECIMAL CLASSIFICATION NUMBER | |
| Universal Decimal Classification number | 52(082.1) |
| Item number | ASS-415 |
| 245 #0 - TITLE STATEMENT | |
| Title | Solar prominences |
| Statement of responsibility, etc. | edited by Jean-Claude Vial and Oddbjorn Engvold |
| 260 ## - PUBLICATION, DISTRIBUTION, ETC. | |
| Place of publication, distribution, etc. | Cham |
| Name of publisher, distributor, etc. | Springer |
| Date of publication, distribution, etc. | 2015 |
| 300 ## - PHYSICAL DESCRIPTION | |
| Extent | x, 488p. |
| 490 ## - SERIES STATEMENT | |
| Series statement | Astrophysics and space science library; v. 415 |
| 650 ## - SUBJECT ADDED ENTRY--TOPICAL TERM | |
| Topical term or geographic name entry element | Astrophysics and astroparticles |
| 9 (RLIN) | 18344 |
| 650 ## - SUBJECT ADDED ENTRY--TOPICAL TERM | |
| Topical term or geographic name entry element | Extraterrestrial physics, Space sciences |
| 9 (RLIN) | 36229 |
| 650 ## - SUBJECT ADDED ENTRY--TOPICAL TERM | |
| Topical term or geographic name entry element | Sun - prominences |
| 9 (RLIN) | 36230 |
| 700 ## - ADDED ENTRY--PERSONAL NAME | |
| Personal name | Engvold, Oddbjorn., ed. |
| 9 (RLIN) | 36231 |
| 700 ## - ADDED ENTRY--PERSONAL NAME | |
| Personal name | Vial, Jean-Claude, ed. |
| 9 (RLIN) | 36232 |
| 942 ## - ADDED ENTRY ELEMENTS (KOHA) | |
| Koha item type | Books |
| Withdrawn status | Lost status | Damaged status | Not for loan | Home library | Current library | Shelving location | Date acquired | Source of acquisition | Cost, normal purchase price | Total Checkouts | Full call number | Barcode | Date last seen | Cost, replacement price | Price effective from | Koha item type | Purchase Price |
|---|---|---|---|---|---|---|---|---|---|---|---|---|---|---|---|---|---|
| IIA Library-Bangalore | IIA Library-Bangalore | General Stacks | 02/03/2015 | ANJ | 1878.00 | 52(082.1)/ ASS-415 | 19903 | 05/11/2021 | 1878.00 | 02/03/2015 | Books | Rs. 1878.00 |